000 00668nam a2200217 i 4500
001 107174
003 ES-MaACL
005 20250823063100.0
007 t|
008 061121s1982 sp r ||||1| spa d
020 _a84-85656-36-9
080 _a7(038)
100 1 _aMorales y Marín, José Luis,
_d1945-1998
_983089
245 1 0 _aDiccionario de términos artísticos /
_cJosé Luis Morales y Marín.
260 _aZaragoza :
_b[s.n.],
_c1982 (
_fUnali)
300 _aXXVII, 337 p., 17 h. de lám. ;
_c25 cm.
504 _aBibliografía: p. 333-337.
650 4 _aArte-
_vDiccionarios.
_910094
852 4 _aES-MaACL
_jL-3296
999 _c107174
_d107174